| 000 | 01184cam a2200301 a 4500 | ||
|---|---|---|---|
| 001 | 3839556 | ||
| 005 | 20020426103125.0 | ||
| 008 | 870317s1987 pau grb 001 0 eng | ||
| 010 | _a87006900 | ||
| 020 | _a0820702331 | ||
| 040 |
_aDLC _cDLC _dDLC |
||
| 041 | 1 |
_aeng _hfre |
|
| 050 | 0 | 0 |
_aB2430.L483 _bT4613 1987 |
| 082 | 0 | 0 |
_a115 _222 _bLEV |
| 100 | 1 |
_aLevinas, Emmanuel. _911004 |
|
| 240 | 1 | 0 |
_aEssays. _lEnglish. _kSelections |
| 245 | 1 | 0 |
_aTime and the Other : _cEmmanuel Levinas ; translation by Richard A. Cohen. _b[and additional essays]/ |
| 260 |
_aPittsburgh, PA : _bDuquesne University Press, 1987 _c1987. |
||
| 300 |
_aix, 149 p. ; _c23 cm. |
||
| 500 | _aTranslation of: Le temps et l'autre, Diachronie et representation, and L'Ancien et le nouveau. | ||
| 504 | _aIncludes bibliographical references p. [139]-141 and index | ||
| 650 | 0 |
_aTime. _911005 |
|
| 650 | 0 |
_aOntology. _911006 |
|
| 650 | 0 |
_aOther (Philosophy) _911007 |
|
| 700 |
_911072 _aCohen, Richard A. |
||
| 942 |
_2ddc _cBB |
||
| 999 |
_c13292 _d13292 |
||